000 00669nam a2200241Ia 4500
003 OSt
005 20220918220836.0
006 a|||||r|||| 00| 0
007 ta
008 220917b |||||||| |||| 00| 0 eng d
024 _a147,218
037 _cTextual
040 _aARTS
_cARTS
_beng
041 _2eng
_aeng
082 _aY31:7:7.2, L9
100 _aKamble N D
_9138397
245 0 _aRural grwoth and decline
_b A case study of selected villages
260 _aNew Delhi
_bAshish Publishing House
_c1979
300 _avii, 143p.
_ccm.
650 _aSOCIOLOGY
942 _hY31:7:7.2, L9
_cTEXL
_2CC
999 _c269972
_d269972